Songs of the South Country (Record no. 16183)
[ view plain ]
| 000 -LEADER | |
|---|---|
| fixed length control field | 00223nam a22000977a 4500 |
| 003 - CONTROL NUMBER IDENTIFIER | |
| control field | OSt |
| 008 - FIXED-LENGTH DATA ELEMENTS--GENERAL INFORMATION | |
| fixed length control field | 200617b ||||| |||| 00| 0 eng d |
| 100 ## - MAIN ENTRY--AUTHOR NAME | |
| Personal name | Hilaire Belloc |
| 245 ## - TITLE STATEMENT | |
| Title | Songs of the South Country |
| 942 ## - ADDED ENTRY ELEMENTS (KOHA) | |
| Koha item type | Books |
| Withdrawn status | Lost status | Damaged status | Home library | Current library | Date acquired | Cost, normal purchase price | Accession Number | Koha item type |
|---|---|---|---|---|---|---|---|---|
| Withdrawn | Lost and Paid For | KAUAET | KAUAET | 17/06/2020 | 2.60 | 7054 | Books |
